Central Library OPAC University of Rajshahi

The origins of provincial autonomy ; (Record no. 35889)

MARC details
000 -LEADER
fixed length control field 01074cam a22002891 4500
001 - CONTROL NUMBER
control field 35889
003 - CONTROL NUMBER IDENTIFIER
rucl marc code BD-RjUL
005 - DATE AND TIME OF LATEST TRANSACTION
control field 20211209052410.0
008 - FIXED-LENGTH DATA ELEMENTS--GENERAL INFORMATION
fixed length control field 140611s1941 ii b 001 0 eng
035 ## - SYSTEM CONTROL NUMBER
System control number (BD-RjUL)35985
System control number (BD-RjUL)35985
040 ## - CATALOGING SOURCE
Original cataloging agency DLC
Transcribing agency MnU
Modifying agency MnU
-- DLC
Language of cataloging eng
041 ## - LANGUAGE CODE
Language code of text/sound track or separate title eng
082 ## - DEWEY DECIMAL CLASSIFICATION NUMBER
Classification number 342.5409
Author mark and year PRO 1941
100 1# - MAIN ENTRY--PERSONAL NAME
Personal name Prasad, Bisheshwar.
9 (RLIN) 74131
245 14 - TITLE STATEMENT
Title The origins of provincial autonomy ;
Remainder of title being a history of the relations between the central government and the provincial governments in British India from 1860 to 1919 /
Statement of responsibility, etc. By Bisheshwar Prasad.
260 ## - PUBLICATION, DISTRIBUTION, ETC. (IMPRINT)
Place of publication, distribution, etc. Allahabad :
Name of publisher, distributor, etc. Kitabistan ;
Date of publication, distribution, etc. 1941
300 ## - PHYSICAL DESCRIPTION
Pagination ii, 428 p. ;
Size 23 cm.
500 ## - GENERAL NOTE
General note "First published in 1941."
502 ## - DISSERTATION NOTE
Dissertation note "Thesis approved for the degree of doctor of letters in the University of Allahabad, 1936."
504 ## - BIBLIOGRAPHY, ETC. NOTE
Bibliography, etc Bibliography: p. [377]-392.
650 #0 - SUBJECT ADDED ENTRY--TOPICAL TERM
Topical term or geographic name as entry element Constitutional history
Geographic subdivision India.
9 (RLIN) 109287
651 #0 - SUBJECT ADDED ENTRY--GEOGRAPHIC NAME
Geographic name India
General subdivision Politics and government
Chronological subdivision 1765-1947.
9 (RLIN) 109288
942 ## - ADDED ENTRY ELEMENTS (KOHA)
Source of classification or shelving scheme Dewey Decimal Classification
Koha item type Books
Holdings
Lost status Source of classification or shelving scheme Damaged status Not for loan Collection code Permanent Location Current Location Shelving location Date acquired Source of acquisition Cost, normal purchase price Total Checkouts Full call number Date last seen Copy number Koha item type
  Dewey Decimal Classification   Not For Loan Non-fiction Central Library, University of Rajshahi Central Library, University of Rajshahi Reading Room 10/02/1965 LAW HOUSE 25.00   342.5409 PRO 1941 11/06/2014 C-1 Books